000 01511nam a2200301 i 4500
001 169848
003 ES-MaACL
005 20250927110311.0
008 081204s1823 fr |||| | fre d
080 _a821.133.1-293
245 0 0 _aSuite du répertoire du théâtre français, avec un choix des pièces de plusieurs autres théâtres.
_pVaudevilles.
_nVI /
_carrangées et mises en ordre par M. Lepeintre.
260 _aParis :
_bMme Veuve Dabo,
_c1823 (
_fSenlis)
300 _a319, 67 p. ;
_c14 cm.
490 1 _aSuite du répertoire du théatre français ;
_v81
500 _aÍndices.
501 _aCon: Table alphabétique des titres des piéces et des noms des auteurs ... du Répertoire, et ... Suite du répertoire. - Paris : Mme Veuve Dabo, 1823. - 67 p.
505 8 _aContiene: ;
_tLe mariage de Scarron ; Sophie Arnoult /
_rpar MM. Barré, Radet et Desfontaines. --
_tFlorian /
_rMM. Boully et Pain. --
_tNinon, Molière et Tartuffe /
_rpar M. Simon.
700 1 _aBarré, Pierre-Yves.
_9139012
700 1 _aRadet, Jean-Baptiste.
_9139016
700 1 _aDesfontaines, François-Georges.
_9139015
700 0 _aBouilly, Jean Nicolas.
_930886
700 1 _aPain, Joseph-Marie.
_9139026
700 1 _aSimon, Henri.
_9139027
700 1 _aLepeintre-Desroches, Pierre-Marie-Michel,
_d1785-1847
_9138972
830 0 _aSuite du répertoire du théatre français ;
_v81
_9188890
852 4 _aES-MaACL
_jE-12319
_9R.190455
_z- Biblioteca Jacinto Martínez Lacalle
999 _c169848
_d169848